01657nam a2200373 a 4500001001000000003000500010005001700015008004100032010001100073011001100084040000900095090001000104100004600114245016300160260004100323500006000364502010400424502006100528590002800589590002400617590002700641590002700668650004200695650005700737650004500794650006900839856005700908901000700965942001500972942001100987999001900998952013101017952013501148000113232CHAP20240607144754.0170522s2016 mx sm |||||||spa d a109693 a110665 cCHAP aTesis1 aChávez Sánchez, Abner Orlando913228110aReconocimiento automatico del tallo en cultivo de tomate en invernadero mediante visión por computadorah[En línea]cpor Abner Orlando Chávez Sánchez. aChapingo, Méx. :bEl autor,c2016. aPara ver el contenido del material haga clic en la liga aTesis (M. en Ingeniería Agrícola y Uso Integral del Agua) -- UACH. Departamento de Irrigación aUACH. Departamento de Ingeniería Mecánica Agrícola aBATCH-UPDb05c20170522 aBATCHb00c20181121 aE5765TAJb05c20170522 aE5765TAJb05c2017052214aLuz diurnaxEfecto en tomate.913228414aTomate crecimientoxVisisón computarizada.917563414aTomatexCultivos en invernadero.911370414aTomátexVisión computarizadaxModelos matemáticos.9132282 uhttp://10.13.5.2/tesis/sist113232.pdfzDESCARGAR PDF aBK cTESIS2ddc n02ddc c109693d109693 00104054718TESISaBCbBCd2017-05-22fTESISl0oTesisp113234-10r2019-12-31 00:00:00w2019-12-31yTESISzRecien adquirido 00102local4053708TESISaBCbBCcPA_TESISd2017-05-22fTESISl0oTesisp113234-20r2019-12-31 00:00:00tc.2w2019-12-31yTESIS